Skúsenosti s rozvíjaním počtových predstáv u detí

Bibliographic Details
Main Author: Peťkovská, Mária (Author)
Format: Article
Language:Slovak

MARC

LEADER 00000nab a2200000uu 4500
001 vtls011437895
003 SK-MaSNL
005 20260303145642.0
008 230222| xo |||||||||||||||||slo|
015 |a SNBRB 
035 |a (urnnbn)urn:nbn:sk:snk:ar-002mj3 
035 |a (uuid)568160fd-edd8-48a8-a0ab-1b9146e61613 
035 |a urn:nbn:sk:snk-abccy6 
040 |a SNKBUCL  |b slo  |c SNKBUCL  |e AACR2 
041 0 |a slo 
044 |a xo  |c SK 
100 1 |a Peťkovská, Mária  |4 aut  |9 1168359 
245 1 0 |a Skúsenosti s rozvíjaním počtových predstáv u detí  |c Mária Peťkovská 
773 0 |t Predškolská výchova : pedagogický časopis pre učiteľky materských škôl  |g Roč. 21, č. 5 (1966-1967), s. 124-126 
954 |a odborná, vedecká literatúra pôvodná (slovenská)  |2 lita 
958 |a OND 
958 |a EUIPO 
958 |a article16 
999 |c 2004334  |d 2006264